000 00644nmm a2200193Ia 4500
008 251105s9999||||xx |||||||||||||||||und||
020 _a9789560106346
041 _aspa
100 _aCuevas Valenzuela, Hernán
245 0 _aAmérica Latina: expansión capitalista, conflictos sociales y ecológicos
264 _a[Santiago de Chile, Chile] :
_bRil editores,
_c2018
300 _a364 páginas
650 _aSocial Sciences (General)
700 _aCuevas Valenzuela, Hernán
700 1 _a Julián Véjar, Dasten
700 1 _a Rojas Hernández, Jorge (eds.)
856 _uhttps://public.digitaliapublishing.com/a/65402
942 _cCF
999 _c64391
_d64391